| 000 | 00369nam a2200133Ia 4500 | ||
|---|---|---|---|
| 008 | 240624s9999 xx 000 0 und d | ||
| 041 | _aeng | ||
| 082 | _a658.4 SHE | ||
| 100 | _aSHENKAR ODED | ||
| 245 | _aCOPYCATS HOW SMART COMPANIES USE IMITATION TO GAIN A STR | ||
| 260 |
_c2010 _aBoston _bHarvard Business Press |
||
| 300 | _a241 : p. : cm. ; 21 | ||
| 365 |
_cRS _b27 |
||
| 999 |
_c16823 _d16823 |
||